000 00374nam a2200169 4500
999 _c93572
_d93572
003 NALT
005 20210325215548.0
008 170830b th ||||| |||| 00| 0 tha d
022 _a16863720
040 _aNALT
041 _atha
245 _aจุลนิติ
850 _aNALT
942 _2lcc
_cJNR
998 _aจินตนา